|
|
|
|
| LEADER |
00000nab a2200000 a 4500 |
| 001 |
vtls000037388 |
| 003 |
SK-MaSNL |
| 005 |
20260303023304.0 |
| 008 |
160201c1979 xo 0 slo |
| 015 |
|
|
|a SNBRB19rr/mm-uuuuu
|
| 035 |
|
|
|a CL0047483
|
| 040 |
|
|
|a SNKBUCL
|b slo
|c SNKBUCL
|e AACR2
|
| 041 |
0 |
|
|a slo
|
| 044 |
|
|
|a xo
|c SK
|
| 080 |
|
|
|a 07
|2 1981
|
| 080 |
|
|
|a 92 Pecka, Josef Boleslav
|2 1981
|
| 100 |
1 |
|
|a M.S.
|4 aut
|9 627454
|
| 245 |
1 |
0 |
|a Josef Boleslav Pecka
|b Osobnosti komunistického a robotníckeho hnutia
|c M.S. ; Miroslav Sklenář
|
| 300 |
|
|
|b Obr. 1.
|
| 600 |
1 |
7 |
|a Pecka, Josef Boleslav,
|d 1849-1897
|2 snkbucl
|9 256400
|
| 655 |
|
7 |
|a články z novín a časopisov
|2 snkbucl
|9 267496
|
| 700 |
1 |
|
|a Sklenář, Miroslav
|4 aut
|9 791265
|
| 773 |
0 |
|
|t Život strany
|g Č. 19 (1979), s. 63
|
| 850 |
|
|
|a Slovenská národná knižnica v Martine
|a MTA001
|
| 852 |
|
|
|a SNK
|b KIS3GCP
|
| 958 |
|
|
|a RK
|
| 958 |
|
|
|a CZ
|
| 992 |
|
|
|a RBX
|
| 999 |
|
|
|c 1633654
|d 1635584
|